000 00390 a2200145 4500
001 167888
020 _a
040 _cMagnum
100 _aMaakaroun, Marilia de Freitas Et Al.
240 1 0 _aTratado de adolescencia: um estudo multidisciplinar
_lpor
245 1 0 _aTratado de adolescencia: um estudo multidisciplinar
362 0 _a1899
697 _aCIENCIAS MEDICAS SAUDE
942 _cBK
999 _c167888
_d167888